Lester B. Waid correspondence, (Record no. 44827)
[ view plain ]
| 000 -LEADER | |
|---|---|
| fixed length control field | 01281cpcaa2200313 a 4500 |
| 001 - CONTROL NUMBER | |
| control field | mm2010085534 |
| 003 - CONTROL NUMBER IDENTIFIER | |
| control field | DLC |
| 005 - DATE AND TIME OF LATEST TRANSACTION | |
| control field | 20260227111732.0 |
| 008 - FIXED-LENGTH DATA ELEMENTS--GENERAL INFORMATION | |
| fixed length control field | 100311|||||||||||| eng |
| 010 ## - LIBRARY OF CONGRESS CONTROL NUMBER | |
| LC control number | mm2010085534 |
| 040 ## - CATALOGING SOURCE | |
| Original cataloging agency | DLC |
| Description conventions | dacs |
| Transcribing agency | DLC |
| Modifying agency | DLC |
| 072 #7 - SUBJECT CATEGORY CODE | |
| Subject category code | W |
| Source | lcmd |
| 100 1# - MAIN ENTRY--PERSONAL NAME | |
| Personal name | Waid, Lester B. |
| 245 00 - TITLE STATEMENT | |
| Title | Lester B. Waid correspondence, |
| Inclusive dates | 1863. |
| 300 ## - PHYSICAL DESCRIPTION | |
| Extent | 1 |
| Type of unit | item. |
| 506 0# - RESTRICTIONS ON ACCESS NOTE | |
| Terms governing access | Open to research. |
| 520 8# - SUMMARY, ETC. | |
| Summary, etc. | ALS (1863 January 7; Mississippi River) from Waid to his cousin, Francis C. Waid, written while serving aboard the USS Baron De Kalb (Gunboat). Relates chiefly to military operations on the Yazoo River, Miss., and elsewhere, and to the Union cause. |
| 545 0# - BIOGRAPHICAL OR HISTORICAL DATA | |
| Biographical or historical data | Union Army soldier. |
| 546 ## - LANGUAGE NOTE | |
| Language note | Collection material in English. |
| 580 ## - LINKING ENTRY COMPLEXITY NOTE | |
| Linking entry complexity note | Forms part of: Miscellaneous Manuscripts collection. |
| 600 10 - SUBJECT ADDED ENTRY--PERSONAL NAME | |
| Personal name | Waid, Francis C., |
| Dates associated with a name | 1833- |
| Form subdivision | Correspondence. |
| 610 20 - SUBJECT ADDED ENTRY--CORPORATE NAME | |
| Corporate name or jurisdiction name as entry element | Baron De Kalb (Gunboat) |
| 651 #0 - SUBJECT ADDED ENTRY--GEOGRAPHIC NAME | |
| Geographic name | Mississippi |
| General subdivision | History |
| Chronological subdivision | Civil War, 1861-1865. |
| 651 #0 - SUBJECT ADDED ENTRY--GEOGRAPHIC NAME | |
| Geographic name | United States |
| General subdivision | History |
| Chronological subdivision | Civil War, 1861-1865. |
| 651 #0 - SUBJECT ADDED ENTRY--GEOGRAPHIC NAME | |
| Geographic name | Yazoo River (Miss.) |
| 656 #7 - INDEX TERM--OCCUPATION | |
| Occupation | Soldiers. |
| Source of term | itoamc |
No items available.